| 000 | 01232nam a2200337 a 4500 | ||
|---|---|---|---|
| 999 |
_c329424 _d329424 |
||
| 003 | BLK | ||
| 005 | 20250617151726.0 | ||
| 008 | 190227b bu ||||| |||| 00| 0 bu d | ||
| 020 | _a978-619-199-268-3 | ||
| 040 | _aBLK | ||
| 041 |
_aBUL _cBUL |
||
| 080 |
_aТехника на транспортните средства _b629 _x(031) _z629(031) |
||
| 100 |
_aХокинс, Емили _eпърви автор _91299 |
||
| 139 |
_aХокинс, Емили _bХ 59 |
||
| 245 |
_aПътешествие с Дискавъри Експрес _cЕмили Хокинс, Том Адамс |
||
| 260 |
_9209475 _aСофия _bФют _c2018 |
||
| 300 |
_a60 с. _c31 см |
||
| 380 | _aDN | ||
| 650 | 7 |
_9154962 _aЕнциклопедии, детски |
|
| 650 | 0 |
_9330384 _aТранспортни средства - енциклопедии |
|
| 653 | 7 |
_9196029 _aсамолети |
|
| 653 | 7 |
_9180356 _aавтомобили |
|
| 653 | 7 |
_9183429 _aвлакове |
|
| 653 | 7 |
_9193945 _aподводници |
|
| 700 |
_aАдамс, Том _eсъавт. _91445 |
||
| 700 |
_9599 _aКлохоши-Коул, Том _eил. |
||
| 942 |
_cKNG _n0 _030 |
||
| 999 | _d329424 | ||
| 999 | _d329424 | ||
| 944 |
_k30537 _lГрета Цуфелде |
||